|
|
|
|
| LEADER |
01268nam a2200349 4500 |
| 001 |
000023978 |
| 003 |
20431 |
| 005 |
20160526090521.0 |
| 008 |
160526s2013 engsd |
| 020 |
|
|
|a 9781118423080 (cloth)
|
| 041 |
0 |
|
|a eng
|
| 082 |
0 |
0 |
|a 658.472
|b GE-M
|
| 100 |
1 |
|
|a Gendron, Michael S.
|d 1957-
|
| 245 |
1 |
0 |
|a Business intelligence applied
|b Implementing an effective information and communications technology infrastructure
|c Michael S. Gendron.
|
| 260 |
|
|
|a Hoboken, New Jersey
|b Wiley
|c 2013
|
| 300 |
|
|
|a xvii, 254 p.
|b ill.
|c 24 cm.
|
| 504 |
|
|
|a Includes bibliographical references and index.
|
| 520 |
|
|
|c Provided by publisher.
|c Provided by publisher.
|
| 650 |
|
0 |
|a Business intelligence.
|
| 653 |
|
|
|a Management
|
| 700 |
1 |
|
|d 1940-
|d 1951-
|d 1953-
|d 1950-
|
| 700 |
1 |
|
|d 1950-
|d 1963-
|
| OWN |
|
|
|a LSP
|
| AVA |
|
|
|a UDN50
|b LSP
|d 658.472 GE-M
|e available
|t Error 5001 Not defined in file expand_doc_bib_avail.
|f 1
|g 0
|h N
|i 0
|k 1
|
| 999 |
|
|
|a From the UDN01
|
| AVA |
|
|
|a UDN50
|b LSP
|d 658.472 GE-M
|e available
|t Error 5001 Not defined in file expand_doc_bib_avail.
|f 1
|g 0
|h N
|i 0
|k 1
|
| TYP |
|
|
|a Monograph
|
| TYP |
|
|
|a Printed language
|
| 980 |
|
|
|a Mạng thư viện Đại học Đà Nẵng
|